[Event "XXIV ProAm Copa Clarin 2017"]
[Site "Villa Martelli"]
[Date "2017.10.07"]
[Round "8"]
[White "De Dovitiis, Alejo"]
[Black "Flores, Diego"]
[Result "1/2-1/2"]
[WhiteElo "2338"]
[BlackElo "2580"]
[Annotator "TA"]
[PlyCount "76"]
[EventDate "2017.??.??"]
[EventType "swiss"]
[EventCountry "ARG"]
[SourceTitle "playchess.com"]
[Source "ChessBase"]
[SourceQuality "1"]

{[%evp 23,76,0,34,-21,-9,-17,-16,-14,-20,-20,0,0,0,0,5,5,9,4,4,9,6,4,0,6,11,8,13,7,12,12,11,7,7,0,0,0,0,0,0,0,0,0,0,0,63,0,0,0,0,0,0,0,0,0,0]} 1. d4 Nf6 2. c4 e6 3. Nf3 d5 4. Nc3 dxc4 5. e3 a6 6. a4 c5 7. Bxc4 Nc6 8. O-O Be7 9. Qe2 cxd4 10. Rd1 O-O 11. exd4 Nb4 12. Bg5 Bd7 {LiveBook: 54 Games} (12... h6 {seems wilder.} 13. Bh4 Bd7 14. Ne5 Qe8 15. Bg3 Rc8) 13. Bxf6 {D27: Queen's Gambit Accepted: Classical main line: 7 e4!? and 7 a4} (13. d5 $14 Nbxd5 14. Bxd5 exd5 15. Nxd5) 13... Bxf6 $11 14. d5 exd5 15. Nxd5 Nxd5 16. Bxd5 Qb6 17. Ne5 {[#]} Bxe5 $146 ({Predecessor:} 17... Bf5 18. Nc4 Qb4 19. Qd2 Qxd2 20. Rxd2 Rad8 {½-½ (63) Sharavdorj,D (2482)-Van Wely,L (2622) Chicago 2009}) 18. Qxe5 Rae8 19. a5 {[#] Strongly threatening Qxe8.} Qb5 $132 {[%mdl 2048] Black is not keeping still} 20. Qd4 Bc6 {aiming for ...Bxd5.} 21. Bxc6 Qxc6 22. Rac1 Qb5 23. b4 Re7 24. h3 Rfe8 25. Qc4 Qe5 26. Rd5 Qb2 27. Rcd1 g6 28. Rd8 Rxd8 29. Rxd8+ {[%mdl 4096] Endgame KQR-KQR} Kg7 30. Qd4+ (30. g3 {keeps more tension.} Qe5 31. Kh2 Rc7 32. Qd3 h5 33. Kg2) 30... Qxd4 31. Rxd4 {KR-KR} Kf6 32. Rd6+ Re6 33. Rd7 Re1+ 34. Kh2 Re7 {The position is equal.} 35. Rd6+ Re6 36. Rd7 Re7 37. Rd6+ Re6 38. Rd7 Re7 {Precision: White = 62%, Black = 72%.} 1/2-1/2

[Event "XXIV ProAm Copa Clarin 2017"]
[Site "Villa Martelli"]
[Date "2017.10.07"]
[Round "8"]
[White "Sanhueza, Cristian"]
[Black "Dolezal, Cristian"]
[Result "0-1"]
[WhiteElo "2263"]
[BlackElo "2423"]
[Annotator "TA"]
[PlyCount "102"]
[EventDate "2017.??.??"]
[EventType "swiss"]
[EventCountry "ARG"]
[SourceTitle "playchess.com"]
[Source "ChessBase"]
[SourceQuality "1"]

{[%evp 23,102,24,31,24,39,40,37,41,33,29,34,36,36,24,30,23,42,28,43,46,49,27,28,22,23,29,29,17,33,11,16,9,10,0,0,0,10,0,0,-35,-29,-58,-37,-84,-81,-85,-85,-86,-90,-61,-59,-64,-53,-47,-46,-115,-115,-115,-115,-191,-186,-350,-324,-589,-589,-589,-588,-29961,-29961,-29963,-29961,-29967,-12828,-29969,-29968,-29967,-29969,-29968,-29968,-12362,-12362]} 1. e4 e6 2. d4 d5 3. Nc3 Bb4 4. e5 c5 5. Bd2 Nc6 6. Nb5 Bxd2+ 7. Qxd2 Nxd4 8. Nxd4 cxd4 9. f4 Qb6 10. O-O-O {C17: French: 3 Nc3 Bb4 4 e5 c5 sidelines} Ne7 11. Nf3 Nc6 (11... Nf5 12. Nxd4 Nxd4 13. Qxd4 Qxd4 14. Rxd4 Bd7 15. Be2 Ke7 16. Bf3 Rac8 17. h4 Rc5 {½-½ (25) Ibarra Jerez,J (2523)-Lalic,B (2469) La Roda 2012}) 12. Nxd4 Bd7 {LiveBook: 3 Games} 13. Kb1 O-O 14. Nf3 Na5 $146 ({Predecessor:} 14... Rfc8 15. g4 a5 16. Bd3 Nb4 17. f5 Nxd3 18. Qxd3 Qb5 19. Qxb5 Bxb5 20. Nd4 Bd7 {1-0 (38) Wong,Y (2169)-Min,P (1956) Bhubaneswar 2017}) 15. Qd4 Qxd4 16. Rxd4 Rac8 17. Be2 Rc7 18. Rhd1 Rfc8 19. R4d2 a6 20. g3 Be8 21. Nd4 Nc6 {White should prevent ...Nxd4.} 22. Nxc6 Rxc6 23. c3 Rc5 24. Rd4 h6 25. Kc1 Kf8 26. g4 Bb5 27. Bxb5 Rxb5 $11 {[%mdl 4096] Endgame KRR-KRR} 28. Kc2 Ke7 29. f5 Rc4 30. R1d2 Rbc5 31. h4 h5 32. fxe6 Kxe6 33. gxh5 Rxd4 34. Rxd4 {[#] KR-KR} Rc4 $1 35. Rd2 Rxh4 36. Rg2 Rxh5 {...g5 is the strong threat.} 37. Rxg7 Rxe5 38. Kd3 Rh5 39. a4 ({White should play} 39. a3 $15) 39... Rh3+ $17 40. Kd4 Rh4+ 41. Kc5 (41. Kd3 $17 {was called for.}) 41... Rxa4 $19 42. Kb6 $2 (42. b4) 42... d4 43. Kxb7 $2 {[#]} (43. Rg4 Ra2 44. cxd4) 43... dxc3 $1 44. bxc3 f5 {[%cal Bf7f5,Bf5f4][%mdl 32]} 45. Rg8 f4 46. Kb6 Rc4 47. Rf8 Ke5 (47... Kd5 $142 48. Kxa6 Ke4 49. Re8+ Kd3 50. Kb5 Rxc3 51. Rf8 Ke3 52. Kb4 Rc7 53. Re8+ Kf3 54. Kb3 Kf2 55. Rf8 f3 56. Rg8 Re7 57. Rc8 Ke1 58. Rf8 f2 59. Kc3 Re2 60. Rf7 f1=Q 61. Rxf1+ Kxf1 62. Kd4 Re8 63. Kd3 Kf2 64. Kd4 Kf3 65. Kc4 Ke4 66. Kc5 Re5+ 67. Kc6 Kd3 68. Kd6 Kd4 69. Kc6 Re6+ 70. Kd7 Kd5 71. Kc7 Kc5 72. Kd7 Re1 73. Kc7 Re7+ 74. Kd8 Kd6 75. Kc8 Kc6 76. Kb8 Re8+ 77. Ka7 Rg8 78. Ka6 Ra8#) 48. Kxa6 Rxc3 49. Kb5 Ke4 50. Kb4 Rc7 51. Re8+ Kf3 {Precision: White = 38%, Black = 69%.} 0-1

[Event "XXIV ProAm Copa Clarin 2017"]
[Site "Villa Martelli"]
[Date "2017.10.07"]
[Round "8"]
[White "Cimer, Emanuel"]
[Black "Valerga, Diego"]
[Result "1/2-1/2"]
[WhiteElo "2237"]
[BlackElo "2452"]
[Annotator "TA"]
[PlyCount "53"]
[EventDate "2017.??.??"]
[EventType "swiss"]
[EventCountry "ARG"]
[SourceTitle "playchess.com"]
[Source "ChessBase"]
[SourceQuality "1"]

{[%evp 25,53,33,18,0,3,6,32,0,-2,0,9,8,37,45,82,86,88,79,87,82,85,78,78,83,82,68,64,34,51,0]} 1. e4 c6 {[%cal Bc7c6,Bc6c5][%mdl 32]} 2. d4 d5 3. e5 Bf5 4. Nc3 e6 5. g4 Bg6 6. Nge2 c5 7. h4 h5 8. Nf4 Bh7 9. Nxh5 cxd4 {B12: Caro-Kann: Advance Variation} (9... Nc6 10. dxc5 Bxc5 11. Bb5 Qc7 12. Bxc6+ Qxc6 13. Qf3 O-O-O 14. Nxg7 Ne7 15. Bg5 d4 16. Qxc6+ Nxc6 17. Na4 {½-½ (77) Liu,G (2448)-Vidit,S (2687) Chengdu 2017}) 10. Nb5 Nc6 11. Nxd4 Nge7 12. c3 a6 13. Bg5 Qb6 {LiveBook: 6 Games} 14. Qb3 Qxb3 15. axb3 Nxe5 16. Be2 $146 (16. Nf6+ $5 gxf6 17. Bxf6 $11) ({Predecessor:} 16. Nf6+ gxf6 17. Bxf6 N7g6 18. h5 Nd7 19. hxg6 Nxf6 20. g5 fxg6 21. Nxe6 Kf7 22. Nxf8 Raxf8 23. gxf6 g5 {½-½ (23) Chocenka,D (2377)-Hofer,R (2342) ICCF email 2011}) 16... N7c6 17. Be3 Nxd4 18. Bxd4 f6 19. g5 $1 $36 {[%cal Rg5f6][%mdl 2048] White fights for an advantage.} Nc6 20. gxf6 Nxd4 21. fxg7 ({Don't play} 21. cxd4 $6 gxf6 22. Nxf6+ Ke7 $11) 21... Bxg7 22. Nxg7+ Kf7 23. cxd4 Kxg7 24. Rc1 Kf6 25. Kd2 Be4 26. f3 Bf5 27. Ke3 {Precision: White = 58%, Black = 53%.} ({White should play} 27. h5 $14) 1/2-1/2

[Event "XXIV ProAm Copa Clarin 2017"]
[Site "Villa Martelli"]
[Date "2017.10.08"]
[Round "9"]
[White "Mareco, Sandro"]
[Black "Pierrot, Facundo"]
[Result "1-0"]
[WhiteElo "2649"]
[BlackElo "2405"]
[Annotator "TA"]
[PlyCount "75"]
[EventDate "2017.??.??"]
[EventType "swiss"]
[EventCountry "ARG"]
[SourceTitle "playchess.com"]
[Source "ChessBase"]
[SourceQuality "1"]

{[%evp 28,75,34,8,15,12,14,21,16,13,22,20,22,21,33,28,22,14,22,18,41,38,27,33,57,48,58,38,54,22,69,58,59,59,141,137,213,229,221,215,214,210,229,214,250,254,289,273,306,303]} 1. Nf3 {[%cal Bg1f3,Bf3d4,Bd4b5,Bb5c3,Bc3e2][%mdl 32]} c5 2. e4 e6 3. d4 cxd4 4. Nxd4 Nf6 5. Nc3 Nc6 6. Ndb5 Bb4 7. a3 Bxc3+ 8. Nxc3 d5 9. exd5 exd5 10. Bd3 O-O 11. O-O d4 12. Ne2 Bg4 13. Bg5 Re8 {B45: Sicilian Four Knights} (13... Qd6 14. Qd2 h6 15. Bf4 Qd5 16. Bg3 Rfe8 17. Nf4 Qc5 18. Rfe1 Ne5 19. h3 Bd7 20. Rad1 Rac8 21. Rc1 Nc4 22. Bxc4 Rxe1+ 23. Qxe1 Qxc4 {½-½ (54) Popov,I (2599)-Tregubov,P (2589) Moscow 2017}) 14. f3 Bh5 15. Nf4 {LiveBook: 3 Games} Bg6 {The position is equal.} 16. Nxg6 hxg6 17. f4 Qd5 18. Qf3 $146 ({Predecessor:} 18. Bxf6 gxf6 19. f5 Kg7 20. fxg6 fxg6 21. Qg4 {1-0 (37) Majdan,J (2391)-Krasnodebska,M (2094) Germany 2016}) 18... Qxf3 19. Rxf3 Ne4 20. Bh4 Rac8 21. Rd1 a6 22. Be1 Nc5 23. Bf1 b5 24. c4 dxc3 25. Rxc3 Ne4 26. Rc2 Ne7 27. Re2 Nf6 28. Bc3 Ned5 29. Be5 Rc6 30. g3 {And now Bg2 would win.} Rec8 {[#]} (30... Rce6 $14) 31. Ree1 $1 $16 {aiming for Bg2.} Nb6 {[#]} (31... Rc5 $16 32. Bg2 Nc7) 32. Bg2 $1 $18 {[%cal Rg2c6]} Rc2 33. Bb7 Rf8 34. Bxa6 Ng4 35. Rc1 ({Less strong is} 35. Bxb5 Nf2 $16) 35... Rxh2 36. Bd4 ({Don't take} 36. Bxb5 $6 Nd5) 36... Nd5 37. Bxb5 Rd2 38. Red1 {Precision: White = 79%, Black = 52%.} 1-0

[Event "XXIV ProAm Copa Clarin 2017"]
[Site "Villa Martelli"]
[Date "2017.10.08"]
[Round "9"]
[White "Flores, Diego"]
[Black "Slipak, Sergio"]
[Result "1/2-1/2"]
[WhiteElo "2580"]
[BlackElo "2437"]
[Annotator "TA"]
[PlyCount "35"]
[EventDate "2017.??.??"]
[EventType "swiss"]
[EventCountry "ARG"]
[SourceTitle "playchess.com"]
[Source "ChessBase"]
[SourceQuality "1"]

{[%evp 11,35,17,17,4,7,12,17,16,16,10,28,12,22,22,54,12,12,13,13,15,14,0,16,0,18,0]} 1. c4 e6 2. d4 d5 3. Nc3 a6 4. c5 (4. cxd5 exd5 5. Qb3 c6 6. e4 dxe4 7. Bc4 Qe7 8. a4 Nf6 9. Nge2 g6 10. O-O Bg7 11. Ng3 O-O 12. Re1 b5 13. axb5 cxb5 14. Bxb5 Qb7 15. Ba4 Qxb3 16. Bxb3 Nc6 17. Rd1 Bg4 18. Nge2 {½-½ (18) Svidler,P (2751)-Erdos,V (2628) Tbilisi 2017}) 4... b6 5. cxb6 cxb6 6. Nf3 {D31: Queen's Gambit Declined: Semi-Slav without ...Nf6 (+ Marshall Gambit and Noteboom) and Exchange Variation lines without ...Nf6} Nf6 {LiveBook: 5 Games} 7. Bg5 Be7 8. e3 h6 $146 ({Predecessor:} 8... O-O 9. Bd3 Bb7 10. O-O h6 11. Bf4 Nh5 12. Bxb8 Qxb8 {½-½ (25) Wichmann,C (2337)-Haasler,A (2257) Erfurt 2015}) 9. Bh4 Nc6 10. Bd3 b5 11. O-O Bb7 12. Rc1 Rc8 13. Bb1 O-O {The position is equal.} 14. Qd3 {[#] Hoping for Bxf6.} g6 15. Bg3 Bd6 16. Bh4 Be7 17. Bg3 Bd6 18. Bh4 {Precision: White = 36%, Black = 57%.} 1/2-1/2

[Event "XXIV ProAm Copa Clarin 2017"]
[Site "Villa Martelli"]
[Date "2017.10.08"]
[Round "9"]
[White "Valerga, Diego"]
[Black "Barrionuevo, Pablo"]
[Result "1-0"]
[WhiteElo "2452"]
[BlackElo "2256"]
[Annotator "TA"]
[PlyCount "79"]
[EventDate "2017.??.??"]
[EventType "swiss"]
[EventCountry "ARG"]
[SourceTitle "playchess.com"]
[Source "ChessBase"]
[SourceQuality "1"]

{[%evp 17,79,-18,-15,-16,-25,-22,-18,-16,-13,-21,-20,-24,0,0,25,25,21,0,131,132,154,93,98,106,98,80,115,106,202,183,203,211,207,202,216,137,138,134,145,146,143,125,415,435,423,417,605,462,449,429,481,481,581,529,508,461,515,489,883,718,29990,29991,29991,29992]} 1. g3 d5 2. Bg2 e6 3. Nf3 c5 4. O-O Nc6 5. d3 Nf6 6. Nbd2 Be7 7. e4 Qc7 8. Re1 b6 9. Nf1 d4 {LiveBook: 3 Partien. C00: Französische Verteidigung (Seltene Züge)} (9... dxe4 10. dxe4 Ba6 11. Bf4 Qb7 12. c3 Rd8 13. Qc1 O-O 14. e5 Nd5 15. Bg5 Bd3 16. Ne3 Nxe3 17. Qxe3 Qc7 18. Rad1 {½-½ (39) Sadikhov,U (2483)-Nevednichy,V (2533) Cesme 2017}) 10. e5 Nd5 11. Bg5 $146 ({Vorgänger:} 11. a3 Bb7 12. Bd2 b5 13. c3 O-O 14. cxd4 Nxd4 15. Nxd4 cxd4 16. Qg4 Rfd8 17. Rac1 Qb6 18. Rc2 Rac8 19. Rec1 Rxc2 20. Rxc2 Rd7 21. h4 f5 22. exf6 Nxf6 {½-½ (22) Gries,V (2147)-Bletz,H (2296) Germany 2006}) 11... Bf8 {Die Stellung ist ausgeglichen.} 12. Qe2 h6 13. Bd2 Ba6 14. h4 g6 15. a3 O-O-O 16. N1h2 Bg7 17. Ng4 b5 (17... Bb7 $11 {hält das Gleichgewicht.}) 18. c3 $16 h5 {[#] Weiss muss nun ...dxc3 beachten.} 19. Ngh2 (19. Nf6 $142 $1 {[%mdl 512]}) 19... dxc3 20. bxc3 Rd7 21. Rab1 Rhd8 22. d4 c4 (22... cxd4 $16 23. cxd4 Qb6) 23. Ng5 $18 {[%cal Bf3g5,Bg5e4,Be4f6][%mdl 32]} Bf8 24. Ne4 Na5 25. Bg5 Re8 26. Nf6 Nxf6 27. exf6 ({Auf keinen Fall} 27. Bxf6 $6 Nb3 $14) 27... Nb3 28. Nf3 Bb7 29. Bf4 Qc6 $2 {[%mdl 8192] [#]} (29... Bd6 $16 {war einen Versuch wert.}) 30. d5 $1 {[%mdl 512]} Rxd5 (30... Qxd5 31. Rbd1) 31. Ne5 Qb6 (31... Rxe5 $142 32. Bxc6 Rxe2 33. Bxe8 Rxe1+ 34. Rxe1 Nc5 35. Bxf7 Be4) 32. Bxd5 Bxd5 33. Nxf7 Nc5 34. Ne5 Ne4 35. f7 Rd8 36. Qb2 Bc5 37. Be3 Ba8 (37... Bxe3 $142 38. Rxe3 Nd6 39. Nxg6 Nxf7 40. Qxb5 Qxb5 41. Rxb5 Nd6) 38. Rbd1 Qb7 39. Rxd8+ Kxd8 40. Bxc5 {Precision: Weiß = 84%, Schwarz = 36%.} 1-0

[Event "XXIV ProAm Copa Clarin 2017"]
[Site "Villa Martelli"]
[Date "2017.10.08"]
[Round "9"]
[White "Dolezal, Cristian"]
[Black "De Dovitiis, Alejo"]
[Result "1/2-1/2"]
[WhiteElo "2423"]
[BlackElo "2338"]
[Annotator "TA"]
[PlyCount "35"]
[EventDate "2017.??.??"]
[EventType "swiss"]
[EventCountry "ARG"]
[SourceTitle "playchess.com"]
[Source "ChessBase"]
[SourceQuality "1"]

{[%evp 17,18,12,15]} 1. Nf3 Nf6 2. c4 e6 3. g3 d5 4. b3 Be7 5. Bg2 O-O 6. O-O c5 7. e3 Nc6 8. Qe2 b6 9. Bb2 Ba6 {LiveBook: 70 Games} {Predecessor:} 10. Rd1 $146 Rc8 11. Na3 Bb7 12. cxd5 Nxd5 13. Nc4 Qc7 14. e4 Ndb4 15. d4 cxd4 16. a3 d3 17. Qf1 Na6 18. Qxd3 {0-1 (37) Harikrishna,P (2727)-Radjabov,T (2734) Beijing 2014} 1/2-1/2

[Event "XXIV ProAm Copa Clarin 2017"]
[Site "Villa Martelli"]
[Date "2017.10.08"]
[Round "9"]
[White "Llanos, Guillermo"]
[Black "Cimer, Emanuel"]
[Result "1/2-1/2"]
[WhiteElo "2305"]
[BlackElo "2237"]
[Annotator "TA"]
[PlyCount "156"]
[EventDate "2017.??.??"]
[EventType "swiss"]
[EventCountry "ARG"]
[SourceTitle "playchess.com"]
[Source "ChessBase"]
[SourceQuality "1"]

{[%evp 17,156,6,53,53,72,0,41,63,82,43,59,37,64,64,64,66,56,57,55,51,55,52,53,52,52,49,49,59,72,50,50,47,44,41,71,71,71,71,71,52,71,71,60,60,127,122,123,123,123,120,135,131,194,180,215,215,208,201,208,207,206,197,311,316,316,307,293,305,311,284,477,458,644,614,631,588,548,292,292,0,285,285,285,243,346,337,714,45,45,42,42,42,42,42,45,45,45,45,45,45,45,45,45,45,45,45,45,45,45,45,45,45,45,0,45,45,45,45,45,0,45,45,45,45,45,45,45,45,45,45,45,45,45,45,45,45,45,45,45,42,42]} 1. g3 g6 2. Bg2 Bg7 3. d4 Nf6 4. e4 d6 5. Nc3 O-O 6. Nge2 e5 7. h3 Nc6 8. Be3 exd4 9. Nxd4 Ne5 10. Qe2 {B07: Pirc Defence: Miscellaneous Systems} (10. O-O a6 11. b3 Re8 12. f4 Ned7 13. Bf2 Nc5 14. Re1 c6 15. Kh2 Qc7 16. Qd2 Bd7 17. Rad1 b5 {½-½ (50) Prizant,J (2524)-Nepomniachtchi,I (2716) Tyumen 2012}) 10... c5 {[#]} 11. Nf3 (11. Nb3 $1 $16) 11... Nc6 $146 ({Predecessor:} 11... Nxf3+ 12. Qxf3 Be6 13. O-O Nd7 14. Qd1 Ne5 15. f4 Nc4 16. Bc1 Qa5 17. Rf3 b5 {1-0 (38) Vokoun,J (2161)-Tuma,J (2288) Czechia 2011}) 12. O-O-O Qe7 13. Bg5 Be6 14. Rhe1 Rfd8 15. Nd5 Bxd5 $1 16. exd5 Qxe2 $1 17. Rxe2 Nb4 18. c3 Nbxd5 19. Nh2 h6 20. Bxd5 {aiming for Bxf6.} hxg5 21. Bxb7 Rab8 22. Bf3 Kf8 23. Ng4 Nxg4 24. hxg4 Be5 25. Re4 f5 26. Ra4 Rd7 27. gxf5 gxf5 28. Bd5 f4 29. g4 Kg7 30. Rh1 Rh8 (30... Re7 $14) 31. Rxh8 $16 Kxh8 {[%mdl 4096] Endgame KRB-KRB} 32. Kd2 Kg7 33. Ra6 Rc7 34. Kd3 Kf6 {[#]} (34... f3 $16 35. b3 (35. Bxf3 Bf4 $16) 35... Kf6) 35. f3 $1 $18 Ke7 36. Kc4 Kd7 37. Be4 Ke6 38. Ra3 Kd7 39. Rb3 Kc8 (39... Kd8 $142 40. Rb8+ Ke7) 40. Bf5+ Kd8 41. Rb8+ Ke7 42. Be4 Bf6 43. Bd5 Bg7 $2 (43... Kd7 {was necessary.} 44. a3 a5) 44. a4 {[%cal Ba2a4,Ba4a5,Ba5a6][%mdl 32]} Bf6 (44... Kf6 $142 45. a5 Re7) 45. a5 Bg7 46. a6 Bf6 47. Be4 Ke6 48. Bd5+ $2 (48. Bb7 $18) 48... Ke5 $2 {[%mdl 8192]} (48... Ke7 $1 $11 {and Black has nothing to worry.} 49. Ra8 Rd7) 49. Rf8 Rd7 50. Ra8 Bd8 (50... Be7 {might work better.} 51. Re8 Rc7) 51. Bc6 d5+ $2 (51... Rc7 52. Bb7 (52. Rxd8 Rxc6 53. Re8+ Kf6 $16) 52... Be7 53. Rxa7 d5+ 54. Kb5 d4) 52. Kxc5 $2 ({Only move:} 52. Kb5 $18 Rh7 53. Rxd8) 52... Bb6+ $1 $14 53. Kb5 Rd8 54. Rxd8 Bxd8 {KB-KB} 55. Kb4 Bb6 56. Kb3 Be3 57. Kc2 Bf2 58. Kd3 Bg1 59. Ba4 Bf2 60. b4 Bg1 61. Bd1 Bf2 62. Be2 Bg1 63. Kd2 Bf2 64. Bd1 Bg1 65. Be2 Bf2 66. Kc2 Bg1 67. Bd1 Bf2 68. Kd2 Bg1 69. Bb3 {White is slightly better.} Bf2 70. Ba2 Bg1 71. Kc2 Bf2 72. Kb3 Bg1 73. Bb1 Bf2 74. Bd3 Bg1 75. Ka4 Bf2 76. Bc2 Bg1 77. Kb5 {Black must now prevent Kc6.} Kd6 $1 78. Bb3 Bf2 {Precision: White = 71%, Black = 53%.} 1/2-1/2

[Event "XXIV ProAm Copa Clarin 2017"]
[Site "Villa Martelli"]
[Date "2017.10.08"]
[Round "9"]
[White "Salvatti, Diego"]
[Black "Perez Ponsa, Federico"]
[Result "0-1"]
[WhiteElo "2027"]
[BlackElo "2588"]
[Annotator "TA"]
[PlyCount "96"]
[EventDate "2017.??.??"]
[EventType "swiss"]
[EventCountry "ARG"]
[SourceTitle "playchess.com"]
[Source "ChessBase"]
[SourceQuality "1"]

{[%evp 18,96,15,4,20,0,-3,-8,11,8,25,16,24,16,24,27,19,18,37,29,49,0,22,10,21,12,27,11,17,20,14,18,28,-21,5,-23,-23,-25,-26,-27,0,-22,-22,-22,-22,-22,-22,-26,-27,-27,-28,-37,-29,-35,-28,-37,0,-25,0,-26,-25,-25,-25,-24,-25,-25,-18,-32,-25,-70,-59,-54,-58,-245,-238,-380,-374,-456,-453,-447,-429]} 1. d4 Nf6 2. Bf4 g6 3. Nf3 d6 4. h3 Bg7 5. e3 O-O 6. Be2 c5 7. c3 cxd4 8. exd4 Be6 9. Nbd2 Nc6 10. O-O Qb6 {A48: 1 d4 Nf6 2 Nf3 g6: Torre, London and Colle Systems} 11. b3 (11. Qb1 Rac8 12. a4 Rfe8 13. Re1 Bd5 14. Nc4 Bxc4 15. Bxc4 Nxd4 16. Bxf7+ Kxf7 17. Nxd4 e5 18. Qa2+ {1-0 (36) Andreikin,D (2743)-Grischuk,A (2747) ICC INT 2016}) 11... Nd5 12. Nc4 Qd8 {The position is equal.} (12... Qc7 {looks sharper.} 13. Bd2 Bd7 14. Na3 Nf6 15. c4 Ne4) 13. Bd2 Rc8 $146 ({Predecessor:} 13... b5 14. Ne3 Nc7 15. Rc1 h6 16. d5 Nxd5 17. Nxd5 Bxd5 18. Bxb5 {1-0 (42) Sargsyan,A (2084)-Mikaelyan,A (2449) Yerevan 2016}) 14. Rc1 Nf6 15. Bd3 Bd5 16. Re1 Re8 17. Bg5 Qd7 18. Ne3 Be4 19. Bxf6 Bxf3 20. Qxf3 Bxf6 21. Bc4 Kg7 22. Ng4 Qf5 23. Qxf5 ({Much weaker is} 23. Qe3 Bg5 $17) 23... gxf5 24. Nxf6 Kxf6 25. Bb5 (25. f4 {is more complex.} e5 26. fxe5+ dxe5 27. Bd5 Rc7 28. g3) 25... Rg8 (25... e6 {keeps more tension.} 26. g3 Rg8 27. Be2 Ne7 28. Kh2 Rc6) 26. Bxc6 bxc6 $11 {[%mdl 4096] Endgame KRR-KRR} 27. g3 h5 28. Kg2 e6 29. Kf3 Rc7 30. c4 a5 31. c5 d5 32. Rb1 Rb7 33. a3 h4 34. Rb2 hxg3 35. fxg3 Rh8 36. Rh1 Kg6 37. h4 Kf6 38. Rhb1 Rg8 39. b4 Rg4 40. bxa5 Ra7 41. Rb4 {[#] And now Ra4 would win.} Rxa5 42. R1b3 Ra8 43. Kf2 f4 44. Rf3 Kf5 {Threatens to win with ...Rxg3.} 45. gxf4 $2 {[#]} (45. Rb7 $15 f6 46. Rxf4+ Rxf4+ 47. gxf4) 45... Rxh4 $19 46. a4 (46. Rb7 $142) 46... Rh2+ 47. Ke3 Ra2 48. Rf1 Ra3+ {Precision: White = 41%, Black = 61%.} 0-1